书目信息 |
| 题名: |
生物化学
|
|
| 作者: | 修志龙 著 ;李晓晖 , 金礼吉 副主编 | |
| 分册: | ||
| 出版信息: | 北京 化学工业出版社 2008.07 |
|
| 页数: | 272页 | |
| 开本: | 26cm | |
| 丛书名: | ||
| 单 册: | ||
| 中图分类: | Q5 | |
| 科图分类: | ||
| 主题词: | 生物化学 | |
| 电子资源: | ||
| ISBN: | 978-7-122-02669-9 | |
| 000 | 00782nam 0000241 | |
| 001 | 519063 | |
| 005 | 20100813115211.42 | |
| 010 | @a978-7-122-02669-9@dCNY29.00 | |
| 100 | @a20100515d2008 em y0chiy0121 ea | |
| 101 | @achi | |
| 102 | @aCN@b110000 | |
| 105 | @ay z 000yy | |
| 200 | 10 | @a生物化学@Asheng wu hua xue@f修志龙著@Fxiu zhi long zhu@g李晓晖, 金礼吉副主编@Gli xiao hui,jin li ji fu zhu bian |
| 210 | @a北京@c化学工业出版社@d2008.07 | |
| 215 | @a272页@d26cm | |
| 330 | @a本书内容精炼,突出生物化学的基础理论,具有很强的工程特色,并介绍了一些前沿的研究进展。 | |
| 606 | 0 | @a生物化学 |
| 690 | @aQ5@v4 | |
| 701 | 0 | @a修志龙@Axiu zhi long@4著 |
| 702 | 0 | @a李晓晖@Ali xiao hui@4副主编 |
| 702 | 0 | @a金礼吉@Ajin li ji@4副主编 |
| 801 | @aCN@c20100515 | |
| 905 | @dQ5@eX658@f5 | |
| 生物化学/修志龙著/李晓晖, 金礼吉副主编.-北京:化学工业出版社,2008.07 |
| 272页;26cm |
| ISBN 978-7-122-02669-9:CNY29.00 |
| 本书内容精炼,突出生物化学的基础理论,具有很强的工程特色,并介绍了一些前沿的研究进展。 |
| ● |
| 相关链接 |
|
|
|
正题名:生物化学
索取号:Q5/X658
 
预约/预借
| 序号 | 登录号 | 条形码 | 馆藏地/架位号 | 状态 | 备注 |
| 1 | 1027592 | 210275922 | 自科库401/409社科库 28排3列5层/ [索取号:Q5/X658] | 在馆 | |
| 2 | 1027593 | 210275931 | 自科库401/409社科库 28排3列5层/ [索取号:Q5/X658] | 在馆 | |
| 3 | 1027594 | 210275940 | 自科库401/409社科库 28排3列5层/ [索取号:Q5/X658] | 在馆 | |
| 4 | 1027595 | 210275959 | 自科库401/409社科库 28排3列5层/ [索取号:Q5/X658] | 在馆 | |
| 5 | 1027596 | 210275968 | 自科库401/409社科库 28排3列5层/ [索取号:Q5/X658] | 在馆 |